Design of reinforced concrete foundations (Record no. 13781)
[ view plain ]
| 000 -LEADER | |
|---|---|
| fixed length control field | 00309nam a22001217a 4500 |
| 020 ## - INTERNATIONAL STANDARD BOOK NUMBER | |
| ISBN | 9788120336155 |
| 082 ## - DEWEY DECIMAL CLASSIFICATION NUMBER | |
| Classification number | 624.18341 |
| Item number | VAR/DE |
| 100 ## - MAIN ENTRY--AUTHOR NAME | |
| Personal name | Varghese, P.C |
| 245 ## - TITLE STATEMENT | |
| Title | Design of reinforced concrete foundations |
| 260 ## - PUBLICATION, DISTRIBUTION, ETC. (IMPRINT) | |
| Place of publication | New Delhi |
| Name of publisher | PHI Learning Private Limited |
| Year of publication | 2011 |
| 300 ## - PHYSICAL DESCRIPTION | |
| Number of Pages | 434p |
| 942 ## - ADDED ENTRY ELEMENTS (KOHA) | |
| Koha item type | Books |
| Withdrawn status | Lost status | Damaged status | Collection code | Home library | Current library | Shelving location | Date acquired | Source of acquisition | Cost, normal purchase price | Full call number | Accession Number | Koha item type |
|---|---|---|---|---|---|---|---|---|---|---|---|---|
| Non-fiction | KAUAET | KAUAET | General Stacks | 31/03/2012 | Dreamtech, Tvpm | 395.00 | 624.18341 VAR/DE | 23133 | Books |
